000
00350nam a2200169Ia 4500
100
_a
Rao/Kanta B
650
_a
Embedded
942
_c
BK
366
_f
25
654
_a
embedded
245
_a
Embedded systems
260
_b
Prentice -Hall of India
_c
2011
082
_a
3.3
_b
RAO
300
_a
540
546
_a
ENGLISH
_c
PAMPHALETS
999
_c
22768
_d
22768